Statistics for This is France - Pictures

Click here to take the quiz!

General Stats

  • This quiz has been taken 81 times
  • The average score is 14 of 24

Answer Stats

Answer% Correct
Eiffel Tower
93%
Champagne
92%
Croissant
90%
Marie Curie
86%
Louvre
83%
Notre Dame
77%
Tour de France
75%
Arc de Triomphe
69%
Gallic Rooster / Coq
68%
Brigitte Bardot
66%
Versailles
66%
Mont Blanc
63%
Mont Saint Michel
56%
Nice
56%
French Riviera
49%
Marseille
49%
Sacre Coeur
46%
Claude Monet
45%
Eric Cantona
41%
Pierre-Auguste Renoir:
31%
Pont Neuf
23%
Onion Soup
21%
Point Zero
6%
Nuclear Power
4%

Score Distribution

Percentile by Number Answered

Percent of People with Each Score

Your Score History

You have not taken this quiz